Randomization and Monte Carlo methods in biology
Saved in:
| Hovedforfatter: | |
|---|---|
| Format: | Bog |
| Sprog: | engelsk |
| Udgivet: |
Londres
Chapman and Hall
1991
|
| Fag: | |
| Tags: |
Tilføj Tag
Ingen Tags, Vær først til at tagge denne postø!
|
MARC
| LEADER | 00000nam a2200000 a 4500 | ||
|---|---|---|---|
| 001 | UCW1563 | ||
| 003 | CL-VaPUC | ||
| 008 | 920731e19910000UK |||||||||||||||||eng|d | ||
| 082 | 0 | 4 | |a 519.282 |b MAN |2 21 |
| 100 | |a Manly, Bryan F. J. |e autor |9 616657 | ||
| 245 | 1 | 0 | |a Randomization and Monte Carlo methods in biology |
| 300 | |a 281 p | ||
| 942 | |c BK | ||
| 945 | |d 19920731 00:00:00 | ||
| 260 | |a Londres |b Chapman and Hall |c 1991 | ||
| 650 | 7 | |a METODO DE MONTECARLO |2 CL-VaPUC |9 270705 | |
| 650 | 0 | |a Muestreo (Estadística) |9 270232 | |
| 650 | 0 | |a Biología |9 262022 | |
| 650 | 0 | |a Métodos estadísticos |9 259407 | |
| 583 | |a last modification |c 20121108 09:36:17 |k Rodrigo Vera | ||
| 999 | |c 216439 |d 216437 | ||
| 952 | |0 0 |1 0 |4 0 |6 519_282000000000000_MAN_1991 |7 0 |8 A |9 202159 |a BIBGIM |b BIBGIM |d 2019-11-14 |i 2692813 |o 519.282 MAN 1991 |p 2692813 |r 2025-01-15 |w 2019-11-14 |y BK |k EST | ||